000 00848nam a2200181 a 4500
001 000045335
005 20201002050056.0
008 150303s2013 dr a 000 0 spa d
020 _a9789945885934
040 _aDO-SdBNP
_bspa
_cBNPHU
082 _axxxx
_bxxxx
110 1 _aRepública Dominicana.
_bInstituto Dominicano de Evaluación e Investigación de la Calidad Educativa
_973360
245 1 0 _aDominio de los contenidos matemáticos por parte del docente, como factor de éxito o fracaso escolar en el primer ciclo del nivel básico en República Dominicana.
260 _aSanto Domingo :
_bInstituto Dominicano de Evaluación e Investigación de la Calidad Educativa,
_bCoordinación Educativa y Cultura Centroamericana,
_c2013.
300 _a137 p. :
_bil. ;
_c27 cm.
504 _aBibliografía : p. 101-105
590 _aInventariado,2018/DG
999 _c44824
_d44824